| 000 | 00531nam a22001577a 4500 | ||
|---|---|---|---|
| 005 | 20251108164723.0 | ||
| 008 | 250721s9999 xx 000 0 ara d | ||
| 082 | 1 | 4 | _a801.95/محم |
| 100 | 1 | _aالعزب، محمد أحمد | |
| 245 | 1 | 0 |
_aعن اللغة و الأدب و النقد : _bرؤية تاريخية و رؤية فنية / |
| 264 | 1 |
_aبيروت : _bالمركز العربي للثقافة و العلوم، _c[19-]. |
|
| 300 | _a411ص | ||
| 650 | 1 | 7 | _aالنقد الأدبي |
| 942 |
_2ddc _cBK |
||
| 999 |
_c12676 _d12676 |
||